Normale Ansicht
MARC-Ansicht
Eintrag Personenname
001 - Kontrollnummer
- Kontrollfeld: 65635
003 - Kontrollnummer Identifier
- Kontrollfeld:
005 - Datum und Zeit der letzten Transaktion
- Kontrollfeld: 20250129134636.0
008 - Datenelemente mit fester Länge
- Kontrollfeld mit fester Länge: 250129|| aca||aabn | a|a d
040 ## - Katalogisierungsquelle
- Original-Katalogisierungsstelle:
- Übertragungsstelle:
100 ## - Ansetzung - Personenname
- Personenname: ðCaèAatay, Selin (Sonstige); Ghit, Alexandra (Sonstige); Gnydiuk, Olga (Sonstige); Helfert, Veronika (Sonstige); Masheva, Ivelina (Sonstige); Popova, Zhanna (Sonstige); Tesija, Jelena (Sonstige); Varsa, Eszter (Sonstige); Zimmermann, Susan (Sonstige)
670 ## - Datenquelle
- Quellenangabe: Work cat.: ()72076: ðCaèAatay, Selin (Sonstige); Ghit, Alexandra (Sonstige); Gnydiuk, Olga (Sonstige); Helfert, Veronika (Sonstige); Masheva, Ivelina (Sonstige); Popova, Zhanna (Sonstige); Tesija, Jelena (Sonstige); Varsa, Eszter (Sonstige); Zimmermann, Susan (Sonstige) au, Through the Prism of Gender and Work